000 00794nas a2200253 4500
001 BR0700850
003 BR-BrBNA
005 20231205110555.0
007 ta
008 230509b bl.|||p| |||| 00| 00por d
040 _aBR-BrBNA
_bpor
_cBiblioteca Nacional de Agricultura
041 _a(Pt)
072 _aM12
100 1 _aBormatovski, H.
100 1 _aAbilhoa, V.
100 1 _aFreitas, M.O.
245 1 _aSobre a alimentação de Narcine brasiliensis na Baía de Ubatuba-Enseada, São Francisco do Sul, Santa Catarina, Brasil
650 _aRAIA MARINHA
650 _aDIETA
650 _aSANTA CATARINA
773 0 _tEstudos de Biologia (Brazil)
_xISSN 0102-2067
_g(Jan-Mar 2006), v. 28(62) p. 57-60
_wBR0700850
909 _a202311
_bLúcia
_c55
_dLúcia Elande
942 _2AGRIS
_n0
_cANA
999 _c187982
_d187982